La revolución legal mundial /

Guardado en:
Autor Principal: Schmitt, Carl
Otros Autores: Voigt, Rüdinger, (prol.), Abad, Sebastián, (trad.)
Formato: Desconocido
Idioma:Spanish
Publicado: Ciudad Autónoma de Buenos Aires : Hydra, 2015.
Edición:2a. ed. rev.
Series:Filosofía política
Materias:
Etiquetas: Agregar Etiqueta
Sin Etiquetas, Sea el primero en etiquetar este registro!
LEADER 00589nac a22001815a 4500
001 DER.der014349
008 191104i2015####ag#||||||||||||||#||spa||
005 20241028110539.0
245 1 0 |a La revolución legal mundial /  |c Carl Schmitt ; Con prólogo de Rüdiger Voigt. 
250 |a 2a. ed. rev. 
260 |a Ciudad Autónoma de Buenos Aires :  |b Hydra,  |c 2015. 
300 |a 113 p. 
490 0 |a Filosofía política 
100 1 |a Schmitt, Carl 
700 1 |a Voigt, Rüdinger,  |e prol. 
700 1 |a Abad, Sebastián,  |e trad. 
650 7 |a FILOSOFIA POLITICA 
859 |a DERECHO  |b BIB. DERECHO  |h 320.1  |i SCH  |p 009620